LEADER 00517nam 2200169z- 450 001 9910693686203321 035 $a(CKB)4970000000030805 035 $a(EXLCZ)994970000000030805 100 $a20240129c2000uuuu -u- - 101 0 $aeng 200 00$aFinancial management : reporting of Army conventional ammunition as operating materials and supplies 210 $aWashington, DC 517 $aFinancial Management 906 $aDOCUMENT 912 $a9910693686203321 996 $aFinancial Management$9424135 997 $aUNINA